| 000 | 00902nam a22002057a 4500 | ||
|---|---|---|---|
| 999 |
_c61626 _d61626 |
||
| 005 | 20240403101922.0 | ||
| 008 | 240402s2015 tu ||||| |||| 00| 0 tur d | ||
| 020 | _a9786058701021x | ||
| 041 | _atur | ||
| 080 | _a811.512.161 Y-40 | ||
| 245 |
_aYedi iklim Türkçe :Türkçe öğretim seti : çalışma kitabı : seviye C2 / _cİbrahim Gültekin, Mahior Kalfa, და სხვ... |
||
| 264 |
_aAnkara : _bYunus Emre Enstitüsü, _c2015. |
||
| 300 |
_a 85 s. : _b il. kolor. _c 30 cm. _e+1CD |
||
| 653 | _aYedi iklim Türkçe : Türkçe öğretim seti : çalışma kitabı | ||
| 653 | _aთურქული სასწავლო ნაკრები: სამუშაო წიგნი: | ||
| 653 | _aთურქული ენა | ||
| 700 |
_aGültekin, İbrahim _eავტორი _921675 |
||
| 700 |
_a Kalfa, Mahior _eავტორი და სხვ _921676 |
||
| 942 |
_2udc _cBK |
||